000 00386pab a2200157 454500
008 180718b2013 xxu||||| |||| 00| 0 eng d
100 _aNatrajan, Balmurli
245 _aPunctuated solidarities: Caste and left politics
260 _c2013
300 _ap.16-19.
362 _a9 Feb
650 _aCaste
773 _aEconomic and Political Weekly
908 _aN
909 _a102083
999 _c102081
_d102081